Call of Duty Zombies Maps (WaW to BO3) - Statistics

General Stats
  • This quiz has been taken 1,105 times
  • The average score is 13 of 19
Answer Stats
Hint Answer % Correct
The very first zombie map Nacht Der Untoten
89%
A Nazi theater which was invaded by the undead Kino Der Toten
88%
Celebrities such as J.F.K. were attacked by zombies here Five
84%
The original 4 teleport from Area 51 to the Moon where they release Samantha Moon
82%
The swamp where the wunderwaffe was introduced Shi No Numa
81%
The origin map of the second zombie universe; also arguably the best map Origins
78%
A movie site at a frozen Nazi ship gone wrong Call of the Dead
74%
A horrifying map that takes place in the iconic Alcatraz Prison Mob of the Dead
74%
A new 4 characters to be introduced in this country town based map Tranzit
70%
The origin map of the first zombie universe; arguably the best map Der Riese
69%
The new 4 are teleported by Rictofen to this Chinese skyscraper Die Rise
69%
A Russian rocket science facility; introduced PhD Flopper Ascension
68%
The new 4 finally help Rictofen OR Maxis; introduces Vulture Aid Buried
68%
A hidden city were an ancient society was turned into zombies Shangri-La
65%
A zombie-infested city were 4 criminals were punished for their sins Shadows of Evil
64%
A castle filled with Element 115 and lots of zombies (Newest Map) Der Eisendrache
63%
FBI and CDC soldiers are sent to this bomb site to investigate zombies Nuketown Zombies
55%
A re-imagined version of a previous origin map The Giant
54%
Rictofen, Takeo, Tank, and Nikolia, the original 4, were first introduced here Verruct
27%
No matching quizzes found
Score Distribution
Percent of People with Each Score
Percentile by Number Answered
Your Score History
You have not taken this quiz